000
00288nam a2200121Ia 4500
008
191201s2014 xx 000 0 und d
100
_a
TANENBAUM,Andrew S
245
0
_a
Computer Networks
250
_a
IMP 1st
260
_c
2014
_b
pearson
_a
NEW DELHI
300
_a
804
942
_2
ddc
_c
BK
_0
13
999
_c
7912
_d
7912